La diabetes : sus riesgos, su diagnóstico y su tratamiento /

Guardado en:
Autor Principal: Brue, Thierry
Formato: Libro
Publicado: Buenos Aires : Capital Intelectual, 2007
Series:Quiero saber más sobre ...
Materias:
Etiquetas: Agregar Etiqueta
Sin Etiquetas, Sea el primero en etiquetar este registro!
LEADER 00930nam a22001935a 4500
001 CEM.cems013334
005 20100415095249.0
008 130507s2007##################000#0#####d
003 CEMS
020 |a 9789876140485 
082 0 4 |a 616.462 
100 1 |a Brue, Thierry 
245 1 0 |a La diabetes :  |b sus riesgos, su diagnóstico y su tratamiento /  |c Thierry Brue 
260 |a Buenos Aires :  |b Capital Intelectual,  |c 2007 
300 |a 150 p. 
490 0 |a Quiero saber más sobre ... 
505 0 |a Comprender la diabetes -- Qué es la diabetes? -- Causas de la diabetes -- Quién es diabético -- A qué riesgos expone la diabetes? -- Qué hacer contra la diabetes? -- Cómo se diagnostica la diabetes? -- Cuáles son sus tratamientos? -- Cómo hacer el seguimiento de la diabetes? -- Cómo prevenir y tratar las complicaciones? -- Vivir con una diabetes 
653 |a Diabetes 
859 |a CEMS  |b BIB. CEMS - 11 de abril  |h 616.462  |i B832  |p 25846.10  |t Ej.1